| 000 | 00503nam a22001697a 4500 | ||
|---|---|---|---|
| 005 | 20231031130137.0 | ||
| 008 | 231031b |||||||| |||| 00| 0 eng d | ||
| 022 | _29780702176913 | ||
| 041 | _aEnglish | ||
| 082 | _a346.6 VIS | ||
| 100 |
_aVisser, D _lEnglish |
||
| 245 |
_aUnjustified Enrichment / _cD Visser |
||
| 260 |
_aCape Town : _bJuta and Company Limited, _c2008 |
||
| 300 |
_bxliii, 795 pages ; _c25,3 cm. |
||
| 650 |
_alegal practice _bLaw |
||
| 942 |
_cBK _6ALISON_BN_VRIES |
||
| 999 |
_c191 _d191 |
||